| 000 | 01640nam a2200229 a 4500 | ||
|---|---|---|---|
| 001 | BS0002391 | ||
| 003 | BR-BrBNA | ||
| 005 | 20230418192022.0 | ||
| 008 | 230308b |||||||| |||| 00| 0 por d | ||
| 040 |
_aBR-BrBNA _bpor _cBiblioteca Nacional de Agricultura |
||
| 041 | _apor | ||
| 072 | _aB60 | ||
| 090 | _aB60 BS0002391 | ||
| 100 | 1 | _aWhite, M. | |
| 245 | 1 | _aGalileu Galilei / | |
| 260 | 3 |
_aRio de Janeiro, RJ: _bGlobo, _c1991. |
|
| 300 | _a64 p. | ||
| 520 | 3 | _aGalileo Galilei (Galileu)foi um dos maiores desbravadores da ciência em todo o mundo. Além de pesquisar o sistema de funcionamento do universo, trabalhou com áreas muito diversas, realizando estudos sobre mecânica e movimento, com linguagem e luz. Tornou-se famoso em toda a Europa com a descoberta do pêndulo e com o desenvolvimento do telescópio. Galileu defendia apaixonadamente a verdade, adorando provar os erros e os absurdos contidos nas crenças de seu tempo. Atacou os seguidores de Aristóteles por declararem que a Terra mantinha uma posição fixa no espaço e que o sol girava em torno dela. Provou que o contrário era verdaderiro: a Terra giravava em torno do Sol. Por ousar contestar os líderes da Igreja nesta questão, Galileu, um homem já velho e frágil, foi intimado a comparecer diante da temida Inquisição em Roma, onde foi condenado por heresia. Este livro conta a história da luta de Galileu para que os fatos científicos fossem vistos separadamente das crenças religiosas. Seus métodos científicos são hoje aceitos e utilizados em todo o mundo. | |
| 650 | _aBiografia | ||
| 909 |
_a202304 _bSergio Santos _c56 _dSergio Santos |
||
| 942 | _cBK | ||
| 999 |
_c7450 _d7450 |
||